00529ntm a22001937a 450000500170000000800410001704100080005808200160006624500600008226000130014226000130015526000090016830000180017750500360019550500570023165000180028865000120030665000170031820230421152224.0170602b2008 xxu||||| |||| 00| 0 spa d aESP aR 603 D545d aDiccionario ilustrado de las ciencias y la tecnología aEspaña bOcéano c2008 a657 páginas aContiene disco compacto N° 546 aContiene disco compacto con enciclopedia interactiva aDICCIONARIOS  aCIENCIA aTECNOLOGÍA